000 00858nam0a22002531 4500
001 rc\3483509
005 20250610011237.0
021 _aRU
_bРг11857-72
021 _aRU
_b72-39250
035 _a(NLR Aleph) 007603209
090 _a5736986
_c5736986
100 _a20130115d1972 |||y0rusy50 ca
101 0 _arus
102 _aRU
105 _ay z |||||
200 1 _aВычислительный практикум
_eУчеб. пособие для студентов ВЗЭИС
_fМ-во связи СССР. Всесоюз. заоч. электротехн. ин-т связи
210 _aМосква
_cБ. и.
_d1972
215 _a16 с.
_cграф.
_d20
700 1 _aНиконов
_bС.В.
_gСергей Владимирович
801 0 _aRU
_bNLR
_gpsbo
801 1 _aRU
_bELAR
_2rusmarc
852 _aNLR
_j72-4/21096
942 _cBOOK
980 _aNB